| 000 | 00000nas 2200000zi 4500 |
| 001 | 9.939895 |
| 003 | CaOODSP |
| 005 | 20250324130943 |
| 006 | m o d f |
| 007 | cr ||||||||||| |
| 008 | 240626d19891993onc | m o f0###b0fre|d |
| 040 | |aCaOODSP|bfre|erda|cCaOODSP |
| 043 | |an-cn--- |
| 086 | 1 |aCo24-3/10F-PDF |
| 245 | 00|aÉtude spéciale. |
| 264 | 1|aOttawa : |bMinistère des communications. |
| 310 | |aIrrègulier |
| 336 | |atexte|btxt|2rdacontent/fre |
| 337 | |ainformatique|bc|2rdamedia/fre |
| 338 | |aressource en ligne|bcr|2rdacarrier/fre |
| 500 | |aÉdition numérisée de l'imprimé [par Innovation, Sciences et Développement économique Canada]. |
| 500 | |aPublié aussi en anglais sous le titre : Special study. |
| 650 | 6|aCommunication dans l'administration publique|zCanada|xÉvaluation. |
| 710 | 1 |aCanada. |bMinistère des communications. |
| 775 | 08|tSpecial study.|w(CaOODSP)9.939896 |